000 00539nam a22001697a 4500
005 20231124124939.0
008 231124b |||||||| |||| 00| 0 eng d
041 _aEnglish
082 _a340.5 LIN
100 _aVan der Linden, J
_lEnglish
245 _aInstitutes of Holland, or Manual of Law, Practice and Mercantile Law
250 _aFourth Edition
260 _aCape Town :
_bJuta and Company Ltd,
_c1904
300 _blxxi, 515 pages ;
_c23 cm.
650 _aLegal practice
_bLaw
942 _cBK
_6ALISON_BN_VRIES
999 _c946
_d946